Emerging from the Global Crisis : Macroeconomic Challenges Facing Low-Income Countries.

While the impact of the global crisis has been severe, real per capita GDP growth stayed positive in two-thirds of low-income countries (LICs), unlike in previous global downturns, and in contrast to richer countries. The crisis affected LICs not so much through the terms of trade or global interest...

Ausführliche Beschreibung

Bibliographische Detailangaben
Körperschaft: International Monetary Fund
Format: Zeitschrift
Sprache:English
Veröffentlicht: Washington, D.C. : International Monetary Fund, 2010.
Schriftenreihe:Policy Papers; Policy Paper ; No. 2010/040
Online Zugang:Full text available on IMF
LEADER 01781cas a2200241 a 4500
001 AALejournalIMF019913
008 230101c9999 xx r poo 0 0eng d
020 |c 5.00 USD 
020 |z 9781498336734 
022 |a 2663-3493 
040 |a BD-DhAAL  |c BD-DhAAL 
110 2 |a International Monetary Fund. 
245 1 0 |a Emerging from the Global Crisis :   |b Macroeconomic Challenges Facing Low-Income Countries. 
264 1 |a Washington, D.C. :  |b International Monetary Fund,  |c 2010. 
300 |a 1 online resource (62 pages) 
490 1 |a Policy Papers 
500 |a <strong>Off-Campus Access:</strong> No User ID or Password Required 
500 |a <strong>On-Campus Access:</strong> No User ID or Password Required 
506 |a Electronic access restricted to authorized BRAC University faculty, staff and students 
520 3 |a While the impact of the global crisis has been severe, real per capita GDP growth stayed positive in two-thirds of low-income countries (LICs), unlike in previous global downturns, and in contrast to richer countries. The crisis affected LICs not so much through the terms of trade or global interest rates, but rather through a sharp contraction in export demand, foreign direct investment, and remittances (oil exporters also suffered from a sharp fall in oil prices). LICs saw the sharpest decline in their economic growth rate over the last four decades. However, this slowdown followed a period of strong expansion, and real per capita GDP growth has generally held up in LICs, remaining well above growth in richer countries. 
538 |a Mode of access: Internet 
830 0 |a Policy Papers; Policy Paper ;  |v No. 2010/040 
856 4 0 |z Full text available on IMF  |u http://elibrary.imf.org/view/journals/007/2010/040/007.2010.issue-040-en.xml  |z IMF e-Library